000 00283nam a22001337a 4500
008 170315b xxu||||| |||| 00| 0 eng d
020 _a2900878933173
041 _aeng
080 _22ND
_a611
100 _a7
101 _aSHM
245 _aANIMAL PHYSIOLOGY
_cHILL
942 _2udc
_cBK
999 _c7887
_d7887